000 00975nam a2200277Ia 4500
003 OSt
005 20220926020420.0
006 a|||||r|||| 00| 0
007 ta
008 220923b |||||||| |||| 00| 0 eng d
020 _a9781138673373
_c9637.10
037 _b114, 13/10/2017, CLASSIC BOOKS SERVICES
_cGeneral Book
040 _aRTL
_cRTL
_beng
041 _2eng
_aeng
082 _aX:77, Q7
100 _aOYELARAN-OYEYINKA Banji
_9324360
245 0 _aStructural transformation and economic development
_b Cross regional analysis of industrial and urbanization
260 _aNew York
_bRoutledge
_c2017
300 _axvi,239p
_ccm.
490 _aGoverance,Conflict,and Civic Action; vol.5
500 _aBibliography: chapterwise
650 _aEconomics
700 _a LAL Kaushalesh
_9324361
942 _hX:77, Q7
_cGB
_2CC
999 _c634188
_d634188